Länder mit den tiefsten Punkten - Statistiken

Allgemein
  • Dieses Quiz wurde 12 mal gespielt
  • Das Durchschnittsergebnis liegt bei 6 aus 20
Antwortstatistiken
Tiefe (in m) Land % Korrekt
-86 USA
80%
-105 Argentinien
70%
-154 China
70%
-28 Iran
50%
-212 Syrien
50%
-408 Israel
40%
-408 Jordanien
40%
-132 Kasachstan
40%
-81 Turkmenistan
30%
-81 Usbekistan
30%
-133 Ägypten
20%
-28 Aserbaidschan
20%
-125 Äthiopien
10%
-155 Dschibuti
10%
-75 Eritrea
10%
-408 Staat Palästina
10%
-40 Algerien
0%
-46 Dominikanische Republik
0%
-47 Libyen
0%
-55 Marokko
0%
Keine übereinstimmenden Quizze gefunden
Verteilung der Resultate
Anzahl Personen mit jedem Resultat
Perzentil nach korrekt beantworteten Fragen
Ihre Resultats-Entwicklung
Sie haben dieses Quiz noch nicht gespielt